Countries That Export the Most Glass - Statistics

General Stats
  • This quiz has been taken 26 times
  • The average score is 10 of 14
Answer Stats
% of World's
Exported Glass
Country % Correct
6.5% United States
100%
24.8% China
96%
4% France
92%
9% Germany
92%
3.5% Italy
88%
2.1% Spain
83%
3.7% Japan
79%
2.4% Mexico
75%
2.5% South Korea
67%
2.9% Belgium
63%
3.1% Poland
63%
2.4% Taiwan
54%
1.9% Malaysia
42%
2.5% Czech Republic
29%
No matching quizzes found
Score Distribution
Percent of People with Each Score
Percentile by Number Answered
Your Score History
You have not taken this quiz